| 000 | 01042cab a2200229 4500 | ||
|---|---|---|---|
| 001 | ABS68504 | ||
| 008 | 041215n2004 000 0 eng u | ||
| 035 | _a(Sirsi) u128315 | ||
| 100 | _aLane, T. | ||
| 245 | 4 | _aThe Berlaymonster's back! | |
| 260 | _c2004 | ||
| 490 |
_aBuilding _v269(8360) 3 December 2004, 37-42(6) |
||
| 520 | _aExamines the causes of the five-year delay to the new European Commission's headquarters in Brussels. Notes that it is perhaps easy to blame the Commission itself for the delay but this is not the case as the responsibility for the refurbishment lies with the owner which is the Belgian government. One of the reasons for the delay was the discovery of asbestos in the building; its removal cost three times as much as the original estimate. | ||
| 590 | _aABS | ||
| 650 | _aEUROPEAN UNION | ||
| 650 | _aHEADQUARTERS BUILDINGS | ||
| 650 | _aCOST CONTROL | ||
| 650 | _aBRUSSELS | ||
| 650 | _aMANAGEMENT-HEALTH AND SAFETY-HAZARDOUS SUBSTANCES-ASBESTOS | ||
| 690 |
_aRefurbishment _96264 |
||
| 942 | _n0 | ||
| 999 |
_c74677 _d74677 |
||